00247nam a2200109Ia 4500008004100000100001700041245003300058260000800091260000900099546001200108999001700120170619s9999 xx 000 0 und d aMittle- V.N. 0aBasic Electrical Engineering bTMH c2010 aENGLISH c20357d20357